Catalog

Record Details

Catalog Search



Available copies

  • 1 of 3 copies available at LARL/NWRL Consortium.
  • 1 of 1 copy available at Northwest Regional Library. (Show)

Current holds

2 current holds with 3 total copies.

Show Only Available Copies
Location Call Number / Copy Notes Barcode Shelving Location Status Due Date
Warroad Public Library MON (Text) 35500006789117 Main Available -
Barnesville Public Library MON (Text) 33500014005581 Main Checked out 08/12/2026
Crookston Public Library MON (Text) 33500014005573 Main On holds shelf -

Record details

  • ISBN: 9780593714089
  • ISBN: 0593714083
  • ISBN: 0593719859
  • ISBN: 9780593719855
  • Physical Description: 355 pages ; 22 cm
  • Publisher: New York : G. P. Putnam's Sons, 2024.

Content descriptions

General Note:
Includes a conversation with the author and discussion questions.
Summary, etc.:
"Benefits of a summer romance: It's always fun, ... Read More
Subject: Separated women > Fiction.
Single mothers > Fiction.
Man-woman relationships > Fiction.
Genre: Romance fiction.
Novels.
LDR 02665cam a22005178i 4500
001436263
003LARL_NWRL_CONSORTIUM
00520240528141324.0
008240223s2024 nyu 000 1 eng
010 . ‡a 2024007476
040 . ‡aDLC ‡beng ‡erda ‡cDLC ‡dBDX ‡dYDX ‡dOCLCO ‡dLJW ‡dOCO ‡dOCLCO
019 . ‡a1397051721
020 . ‡a9780593714089 ‡q(Trade paperback)
020 . ‡a0593714083 ‡q(Trade paperback)
020 . ‡z9780593714096 ‡q(Ebook)
020 . ‡a0593719859 ‡q(hardcover)
020 . ‡a9780593719855 ‡q(hardcover)
035 . ‡a(OCoLC)1397049588 ‡z(OCoLC)1397051721
042 . ‡apcc
08200. ‡a813/.6 ‡223/eng/20240223
1001 . ‡aMonaghan, Annabel, ‡eauthor.
24510. ‡aSummer romance / ‡cAnnabel Monaghan.
264 1. ‡aNew York : ‡bG. P. Putnam's Sons, ‡c2024.
300 . ‡a355 pages ; ‡c22 cm
336 . ‡atext ‡btxt ‡2rdacontent
337 . ‡aunmediated ‡bn ‡2rdamedia
338 . ‡avolume ‡bnc ‡2rdacarrier
520 . ‡a"Benefits of a summer romance: It's always fun, always brief, and no one gets their heart broken. Ali Morris is a professional organizer whose own life is a mess. Her mom died two years ago, then her husband left, and she hasn't worn pants with a zipper in longer than she cares to remember. No one is more surprised than Ali when the first time she takes off her wedding ring and puts on pants with hardware-overalls count, right?-she meets someone. Or rather, her dog claims a man for her in the same way he claimed his favorite of her three children: by peeing on him. Ethan smiles at Ali like her pants are just right-like he likes what he sees. He looks at her as if she's a version of herself she hasn't been in a long while. The last thing newly single mom Ali needs is to make her life messier, but there's no harm in a little summer romance. Is there?"-- ‡cProvided by publisher.
500 . ‡aIncludes a conversation with the author and discussion questions.
650 0. ‡aSeparated women ‡vFiction.
650 0. ‡aSingle mothers ‡vFiction. ‡0(LARL_NWRL_CONSORTIUM)167259
650 0. ‡aMan-woman relationships ‡vFiction. ‡0(LARL_NWRL_CONSORTIUM)165985
655 7. ‡aRomance fiction. ‡2lcgft
655 7. ‡aNovels. ‡2lcgft
901 . ‡a436263 ‡bOCoLC ‡c436263 ‡tbiblio ‡soclc

Additional Resources